El impuesto a las herencias como una institución de justicia /

Este artículo defiende el impuesto a las herencias respondiendo a ciertas críticas recientes. Para ello el argumento parte mostrando la necesidad e importancia de distinguir entre las justificaciones morales y políticas de una institución y su regulación. Luego, en términos exploratorios, se dan raz...

Full description

Bibliographic Details
Main Author: Saffie, Francisco
Format: Analitica de revista
Language:Spanish
Published: Santiago, Chile CEP 2012
Subjects:
Online Access:Acceso electrónico al documento

MARC

LEADER 00000cab a2200000 a 4500
001 032142
003 UAHC_CL
005 20170803123445.0
008 120620b2012 cl 000 spa
040 |a UAHC_CL  |c UAHC_CL  |d UAHC_CL 
100 1 |a Saffie, Francisco 
245 1 3 |a El impuesto a las herencias como una institución de justicia /  |c Francisco Saffie. 
260 |b CEP  |a Santiago, Chile  |c 2012 
300 |a p. 123-161 
500 |a En: Estudios Públicos. Nº 126 (otoño, 2012), p. 123-161. ISSN 0716-1115 
500 |a En: Estudios Públicos. Nº 126 (otoño, 2012), p. 123-161. ISSN 0716-1115 
500 |a En: Estudios Públicos. N∫ 126 (otoÒo, 2012), p. 123-161. ISSN 0716-1115 
520 |a Este artículo defiende el impuesto a las herencias respondiendo a ciertas críticas recientes. Para ello el argumento parte mostrando la necesidad e importancia de distinguir entre las justificaciones morales y políticas de una institución y su regulación. Luego, en términos exploratorios, se dan razones para justificar un impuesto a las herencias como institución de justicia. El artículo concluye mostrando que las críticas que se han hecho en Chile al impuesto a las herencias no ofrecen argumentos al nivel de los principios de justicia ni tampoco en el de la regulación vigente en el país. Al adolecer de estos problemas, las críticas contra el impuesto a las herencias son injustificadas e inaplicables a la regulación vigente. 
520 |a Este artículo defiende el impuesto a las herencias respondiendo a ciertas críticas recientes. Para ello el argumento parte mostrando la necesidad e importancia de distinguir entre las justificaciones morales y políticas de una institución y su regulación. Luego, en términos exploratorios, se dan razones para justificar un impuesto a las herencias como institución de justicia. El artículo concluye mostrando que las críticas que se han hecho en Chile al impuesto a las herencias no ofrecen argumentos al nivel de los principios de justicia ni tampoco en el de la regulación vigente en el país. Al adolecer de estos problemas, las críticas contra el impuesto a las herencias son injustificadas e inaplicables a la regulación vigente. 
650 4 |a HERENCIA Y SUCESION 
650 4 |a PROPIEDAD PRIVADA  |z CHILE 
650 4 |a JUSTICIA 
759 |a PP068 
773 0 |t Estudios públicos  |w 032045 
856 |u http://www.cepchile.cl/dms/archivo_5080_3234/rev126_FSaffie.pdf  |3 Acceso electrónico al documento  |y Acceso electrónico al documento 
856 |u http://www.cepchile.cl/dms/archivo_5080_3234/rev126_FSaffie.pdf  |3 Acceso electrónico al documento  |y Acceso electrónico al documento 
900 |a ESTUD. PUBLICOS-126/12 
942 |c REVA 
952 |0 0  |1 0  |4 0  |6 ESTUD___PUBLICOS126_12_000000000000000  |7 0  |8 General  |9 62422  |a BC  |b BC  |c General  |d 2017-08-03  |l 0  |o ESTUD. PUBLICOS-126/12  |p FICTICIO2909  |r 2019-01-08 00:00:00  |t 1  |w 2017-08-03  |y REVA 
999 |c 32142  |d 32142